00387nam a2200109Ia 4500008004100000082000800041100001500049245009700064942000600161952009500167999001500262240331s9999 xx 000 0 und d bGUP aGupta, J.A 0aNew freedoms, new dependencies :bnew reproductive technologies, women's health and autonomy cL 001040708LaWERCLbWERCLcSSCd2024-03-31l0o 305 GUPp4649r2024-03-31w2024-03-31yL c1492d1492